000 00708cam a22002533a 4500
001 23829
003 PGUSA
005 20140828083516.0
008 071212s2007||||xxu|||||s|||||000 1 eng d
040 _aPGUSA
_beng
042 _adc
050 4 _aPZ
050 4 _aPS
100 1 _aNeufeld, Charles,
_d1856-1918
245 1 0 _aUnder the Rebel's Reign
_h[electronic resource] /
_cCharles Neufeld
260 _bProject Gutenberg,
_c2007
506 _aPublic domain in the USA.
516 _aElectronic text
653 _aEgypt -- Juvenile fiction
700 1 _aSheldon, Charles Mills,
_d1866-1928
830 0 _aProject Gutenberg
_v23829
856 4 0 _uhttp://www.gutenberg.org/ebooks/23829
942 _cEB
999 _c253084
_d253084